| 000 | 00758nam a2200229 a 4500 | ||
|---|---|---|---|
| 001 | 56030 | ||
| 003 | BD-RjUL | ||
| 005 | 20211209080338.0 | ||
| 008 | 161124s1970 ben||||| |||| 00| 0 ben d | ||
| 020 | _c: TK 5.00 | ||
| 035 | _a(BD-RjUL)56154 | ||
| 040 |
_aBD-RjUL _bben _cBD-RjUL |
||
| 041 | _aben | ||
| 082 |
_223 _a891.442 _bCHP 1970 |
||
| 100 |
_aচৌধুরী, কবীর _9166790 |
||
| 245 | 1 | 0 |
_aপ্রাণের চেয়ে প্রিয় / _cকবীর চৌধুরী |
| 260 |
_aচট্রগ্রাম : _bবইঘর, _c১৯৭০ |
||
| 300 |
_a১৪২ পৃ. ; _c২১ সেমি . |
||
| 650 |
_aবাংলা নাটক _9166791 |
||
| 650 |
_aBengali Drama _9166792 |
||
| 942 |
_2ddc _cBK |
||
| 999 |
_c56030 _d56030 |
||